| 000 | 00696nam a2200193Ia 4500 | ||
|---|---|---|---|
| 003 | GCL | ||
| 008 | 140319s9999 xx 000 0 ara d | ||
| 040 |
_aGCL / _cGCL |
||
| 082 | 0 | 4 |
_a017 _bن ا |
| 100 | 1 | _aنعمات مصطفى | |
| 245 | 1 | 0 |
_aالانتاج الفكرى العربى فى مجال المكتبات الجامعية والمعهدية : دراسة تحليلية / _cنعمات مصطفى |
| 300 | _a107 ص | ||
| 490 | _a | ||
| 650 | 0 | 4 | _aالمكتبات الجامعية |
| 650 | 0 | 4 | _aالببليوجرافيات الموضوعية |
| 650 | 0 | 4 | _aالمكتبات المتخصصة |
| 650 | 0 | 4 | _aالمكتبات الجامعية - ببليوجرافي |
| 942 |
_2ddc _cBK |
||
| 999 |
_c39633 _d39633 |
||